000 01495nam a2200457 i 4500
001 20410
003 KOSZ 005
005 20220425131308.0
008 000114s1981 pl a |000 0 pol
015 _aUWD 1981/8073
035 _a991012717249705066
035 _a(PL-WaBN)b13437513-48omnis_nlop
035 _ab13437513
035 _a(OCoLC)830208302
035 _a(PL)b0000001343751
035 _a(EXLNZ-48OMNIS_NETWORK)9910259599205606
040 _aWA N
_cWA N
_dKR U
_dKOSZ 005/HR
041 0 _apol
046 _k1981
080 _a621
080 _a(075.8)
100 1 _aOprzędkiewicz, Janusz
_eAutor
245 1 0 _aNiezawodność maszyn /
_cJanusz Oprzędkiewicz.
260 _aKielce :
_bPŚ,
_c1981.
300 _a311 s. :
_bil., tab., wykr. ;
_c24 cm.
336 _aTekst
_btxt
_2rdacontent
337 _aBez urządzenia pośredniczącego
_bn
_2rdamedia
338 _aWolumin
_bnc
_2rdacarrier
380 _aKsiążki
388 _a1901-2000
388 _a1945-1989
490 1 _aSkrypty Uczelniane Politechniki Świętokrzyskiej ;
_vnr 89
504 _aBibliogr. s. 309-310.
650 7 _aNiezawodność urządzeń
_2DBN
655 7 _aPodręczniki akademickie
_2DBN
658 _aInżynieria i technika
830 0 _aSkrypty Uczelniane Politechniki Świętokrzyskiej
_vnr 89
856 _uhttp://koha.tu.koszalin.pl/cgi-bin/koha/opac-detail.pl?biblionumber=20410
_yKatalog online BPK
942 _2UKD
_cKS
999 _c20410
_d20410